Trabajos en vidrio /

Guardado en:
Autor Principal: Riviere, Leopoldo L.
Formato: Libro
Publicado: Buenos Aires : Estrada, 1971
Materias:
Etiquetas: Agregar Etiqueta
Sin Etiquetas, Sea el primero en etiquetar este registro!
LEADER 00645nam a22001935a 4500
001 CEM.cems005475
005 20060221000000.0
008 130507s1971##################000#0#####d
003 CEMS
082 0 4 |a 748 
100 1 |a Riviere, Leopoldo L. 
245 1 0 |a Trabajos en vidrio / 
260 |a Buenos Aires :  |b Estrada,  |c 1971 
300 |a 45 p. 
505 0 |a Sistema Matisse.-Mondrian veinticinco a¤os despu's.- Las Bauhaus y sus ense¤anza.-La vanguardia rusa.-Pintura y realidad.-Pintura y "estructuralismo". 
653 |a Vidrio 
653 |a Vidrio-decoracion 
653 |a Vidrio-soplado 
859 |a CEMS  |b BIB. CEMS - 11 de abril  |h 748  |i R526  |p 12621.83  |t Ej.1